| 000 | 00810nam a2200253Ia 4500 | ||
|---|---|---|---|
| 003 | OSt | ||
| 005 | 20221005062126.0 | ||
| 006 | a|||||r|||| 00| 0 | ||
| 007 | ta | ||
| 008 | 221004b |||||||| |||| 00| 0 eng d | ||
| 020 |
_a9780415783632 (hbk) _c14054.6 |
||
| 024 | _a11165 | ||
| 037 |
_b6908, 26/03/2014, Friends Publications (India) _cTextual |
||
| 040 |
_aCRL _cCRL _beng |
||
| 041 |
_2eng _aeng |
||
| 082 | _aY110a4,1g, Q3 | ||
| 100 |
_aLemish Dafna Ed. _9601457 |
||
| 245 | 0 | _aRoutledge international handbook of children adolescents and media | |
| 260 |
_aLondon _bRoutledge UK _c2013 |
||
| 300 |
_axxv,499p. _ccm. |
||
| 650 | _aSOCIOLOGY | ||
| 942 |
_hY110a4,1g, Q3 _cTEXL _2cc |
||
| 999 |
_c969208 _d969208 |
||